1615 1695 1643 1515 1506 1201 1185 1623 1858 1356 1859 1576 1928 1085 1146 1362 1832 1689 1152 1895 1016 1392 1113 1522 1882 1606 1406 1310 1801 1662 1654 1709 1080 1960 1601 1891 1950 1818 1298 1033 1218 1920 1822 1957 1626 1570 1643 1765 1676 1956 1578 1894 1130 1590 1051 1608 1263 1894 1758 1708 1469 1663 1557 1834 1152 1510 1637 1256 1115 1195 1470 1436 1330 1819 1179 1471 1805 1759 1562 1596 1383 1444 1509 1787 1546 1791 1786 1750 1555 1203 1094 1382 1810 1261 1734 1086 1963 1137 1229 BCNSPRNW ULIB Ver.6.0+V

เปลี่ยนเป็นภาษาไทย

Change to English
 แสดงรายละเอียดบรรณานุกรม
  กลับหน้าหลัก

Brief Record : Get Marc (ISO 2709) : E-mail record : QR code < ปิดหน้าต่าง
LEADER : 00000nam 2200000uu 4500
001    13399109069
003     ULIB
008    110321s2553||||th 000 0 tha d
020    9749441982
020    9789749441985
050  4 H97^bม189น 2553
100 0  มยุรี อนุมานราชธน
245 10 นโยบายสาธารณะ /^cมยุรี อนุมานราชธน
250    พิมพ์ครั้งที่ 3
260    กรุงเทพฯ :^bเอ็กซเปอร์เน็ท,^c2553
300    [ก]-ฎ, 323 หน้า :^bภาพประกอบ ;^c26 ซม.
650  7 การบริหารรัฐกิจ
650  7 นโยบายสาธารณะ
710 2  มหาวิทยาลัยเชียงใหม่. ^bคณะสังคมศาสตร์. ^bภาควิชารัฐศาสตร์
945    ^p300^l0^i029854
945    ^p300^l0^i029853
995    เกษร
999 ^a ใช้งานได้ทุกระบบ
รายการนี้ยังไม่มีแท็ก
คุณยังไม่ได้ล็อกอิน คุณสามารถมีกิจกรรมร่วมกับเว็บไซต์ได้ แต่ต้องล็อกอินก่อน ::
  ล็อกอิน

รายการสื่อสารสนเทศ

ลำดับที่ ประเภท เลขเรียก/บาร์โค้ด สถานที่ สถานะ
- ไม่พบข้อมูล -

รายการใกล้เคียง
    ผู้แต่ง [มยุรี อนุมานราชธน]

    หัวเรื่อง [การบริหารรัฐกิจ]
    หัวเรื่อง [นโยบายสาธารณะ]

BibComment


ยังไม่เคยถูกคอมเมนท์

คอมเมนท์ทรัพยากรรายการนี้
  คอมเมนท์: นโยบายสาธารณะ มย..


 Copyright 2026. Bcnsprnw @Library